| 000 | 00824cam a22002415a 4500 | ||
|---|---|---|---|
| 001 | 17118291 | ||
| 005 | 20201128020941.0 | ||
| 008 | 120112s2012 enka frb 001 0 eng d | ||
| 020 | _a9780415529334 | ||
| 040 |
_aEG-ScBUE _beng _cEG-ScBUE _dEG-ScBUE |
||
| 082 | 0 | 4 |
_a658.4083 _222 _bNOR |
| 100 | 1 |
_aNorton, Michael, _d1944- _932800 |
|
| 245 | 1 | 0 |
_aSustainability : _bDuty or Opportunity for Business? / _cMichael Norton. |
| 260 |
_aLondon ; _aNew York : _bRoutledge / Taylor & Francis Group, _c2012. |
||
| 300 |
_axii, 247 p. : _bill. ; _c24 cm. |
||
| 500 | _aIndex : p. 244-247. | ||
| 504 | _aBibliography : p. [231]-243. | ||
| 650 | 7 |
_aSocial responsibility of business. _91147 _2BUEsh |
|
| 650 | 7 |
_aSustainable development _93569 _2BUEsh |
|
| 651 | _2BUEsh | ||
| 653 |
_cMarch2013 _cOctober2016 _bBUSADM |
||
| 942 |
_2ddc _cBB |
||
| 999 |
_c17348 _d17320 |
||